[Event "Titled Tuesday intern op 01st Dec"]
[Site "Chess.com INT"]
[Date "2020.12.01"]
[Round "2"]
[White "Dos Santos, Emmanuel"]
[Black "Recuero Guerra, Javier"]
[Result "0-1"]
[WhiteElo "2261"]
[BlackElo "2226"]
[PlyCount "102"]
[EventDate "2020.12.01"]
[EventType "swiss (blitz)"]
[EventRounds "11"]
[EventCountry "USA"]
[SourceTitle "CBM 199 Extra"]
[Source "ChessBase"]
[SourceDate "2021.01.31"]
[SourceVersion "1"]
[SourceVersionDate "2021.01.31"]
[SourceQuality "1"]

1. e4 c5 2. Nf3 e6 3. d4 cxd4 4. Nxd4 Nf6 5. Nc3 Nc6 6. Be3 Bb4 7. Bd3 d5 8. exd5 Nxd5 9. Nxc6 bxc6 10. Bd2 0-0 11. 0-0 Be7 12. Kh1 f5 13. f4 Bf6 14. Qe2 Qd6 15. Rae1 Bd7 16. a3 Rae8 17. Nxd5 exd5 18. Qf2 c5 19. b3 g6 20. Re2 Rxe2 21. Qxe2 Re8 22. Qf3 Bc6 23. Re1 Rxe1+ 24. Bxe1 d4 25. Qe2 Kg7 26. Bd2 Qd5 27. Bc4 Qe4 28. Bd3 Qxe2 29. Bxe2 Be4 30. Bd1 Kf7 31. Kg1 Ke6 32. Kf2 Kd5 33. g3 c4 34. bxc4+ Kxc4 35. Bb4 d3 36. cxd3+ Bxd3 37. Be2 Bd4+ 38. Ke1 Bg1 39. h3 Be3 40. Bd6 a5 41. Bxd3+ Kxd3 42. Kf1 a4 43. Kg2 Bc1 44. Kf3 Kc3 45. g4 Kb3 46. gxf5 gxf5 47. h4 Bxa3 48. Be5 Bb2 49. Bd6 a3 50. Bxa3 Kxa3 51. Ke3 Kb4 0-1

[Event "Titled Tuesday intern op 01st Dec"]
[Site "Chess.com INT"]
[Date "2020.12.01"]
[Round "11"]
[White "Kairbekova, Amina"]
[Black "Recuero Guerra, Javier"]
[Result "1-0"]
[WhiteElo "2065"]
[BlackElo "2226"]
[PlyCount "47"]
[EventDate "2020.12.01"]
[EventType "swiss (blitz)"]
[EventRounds "11"]
[EventCountry "USA"]
[SourceTitle "CBM 199 Extra"]
[Source "ChessBase"]
[SourceDate "2021.01.31"]
[SourceVersion "1"]
[SourceVersionDate "2021.01.31"]
[SourceQuality "1"]

1. e4 c5 2. Nf3 e6 3. d4 cxd4 4. Nxd4 Nf6 5. Nc3 Nc6 6. Ndb5 Bb4 7. a3 Bxc3+ 8. Nxc3 d5 9. exd5 exd5 10. Bd3 0-0 11. 0-0 d4 12. Ne2 Re8 13. Bg5 Re5 14. f4 Rd5 15. Ng3 Bg4 16. Bxf6 Bxd1 17. Bxd8 Bxc2 18. Bxc2 d3 19. Bb3 Rb5 20. Bc4 Rc5 21. Rac1 d2 22. Bxf7+ Kxf7 23. Rxc5 Rxd8 24. Rd1 1-0

[Event "Titled Tuesday intern op 12th May"]
[Site "Chess.com INT"]
[Date "2020.05.12"]
[Round "2"]
[White "Molaei, Mohammadamin"]
[Black "Recuero Guerra, Javier"]
[Result "1-0"]
[WhiteElo "2325"]
[BlackElo "2226"]
[PlyCount "67"]
[EventDate "2020.05.12"]
[EventType "swiss (blitz)"]
[EventRounds "10"]
[EventCountry "USA"]
[SourceTitle "CBM 196 Extra"]
[Source "ChessBase"]
[SourceDate "2020.07.31"]
[SourceVersion "1"]
[SourceVersionDate "2020.07.31"]
[SourceQuality "1"]

1. d4 Nf6 2. c4 g6 3. Nc3 Bg7 4. e4 d6 5. Be2 0-0 6. Nf3 c6 7. 0-0 a6 8. h3 b5 9. cxb5 axb5 10. e5 Ne8 11. Bf4 Na6 12. a3 Nac7 13. Qc1 Be6 14. Rd1 Qd7 15. Ng5 Bc4 16. Bg4 Qd8 17. Qc2 Nd5 18. Bg3 Nec7 19. Nce4 h6 20. Nxf7 Rxf7 21. b3 Bxb3 22. Qxb3 dxe5 23. dxe5 Kh7 24. Rac1 Ra4 25. Nc5 Rxg4 26. hxg4 Qc8 27. f3 e6 28. Ne4 Bf8 29. Rxc6 Qe8 30. Rcc1 Na6 31. Nd6 Bxd6 32. exd6 Qf8 33. Qxb5 Nb8 34. Rxd5 1-0

[Event "Titled Tuesday intern op 12th May"]
[Site "Chess.com INT"]
[Date "2020.05.12"]
[Round "9"]
[White "Recuero Guerra, Javier"]
[Black "Damnjanovic, Radovan"]
[Result "1-0"]
[WhiteElo "2226"]
[BlackElo "2262"]
[PlyCount "93"]
[EventDate "2020.05.12"]
[EventType "swiss (blitz)"]
[EventRounds "10"]
[EventCountry "USA"]
[SourceTitle "EXT 2021"]
[Source "ChessBase"]
[SourceDate "2020.10.23"]
[SourceVersion "1"]
[SourceVersionDate "2020.10.23"]
[SourceQuality "1"]

1. e4 c5 2. Nf3 Nc6 3. d4 cxd4 4. Nxd4 e5 5. Nb5 d6 6. a4 a6 7. N5a3 Be6 8. Bc4 Bxc4 9. Nxc4 Nf6 10. Nc3 Rc8 11. a5 Nd4 12. Nb6 Rc5 13. 0-0 Rxa5 14. Rxa5 Qxb6 15. Ra2 Be7 16. Be3 0-0 17. Ne2 Nxe2+ 18. Qxe2 Qc6 19. f3 Rc8 20. c3 d5 21. exd5 Nxd5 22. Kh1 b5 23. Raa1 h5 24. Rad1 h4 25. Qd3 Nxe3 26. Qxe3 Bf6 27. Qe4 h3 28. Qxc6 Rxc6 29. gxh3 a5 30. Rd3 b4 31. Ra1 Rc5 32. Kg2 g6 33. Kf2 Kf8 34. Ke2 Ke7 35. Kd2 b3 36. Ra3 Rb5 37. c4 Rc5 38. Rdxb3 Rxc4 39. Rxa5 Bg5+ 40. Kd3 Rd4+ 41. Kc2 Rd2+ 42. Kb1 Bf4 43. Ra6 Rxh2 44. Rb7+ Kf8 45. Rf6 Rxh3 46. Rfxf7+ Kg8 47. Rfc7 1-0

[Event "Titled Tuesday intern op 12th May"]
[Site "Chess.com INT"]
[Date "2020.05.12"]
[Round "7"]
[White "Recuero Guerra, Javier"]
[Black "Milchev, Nikolay"]
[Result "1-0"]
[WhiteElo "2226"]
[BlackElo "2408"]
[PlyCount "85"]
[EventDate "2020.05.12"]
[EventType "swiss (blitz)"]
[EventRounds "10"]
[EventCountry "USA"]
[SourceTitle "EXT 2021"]
[Source "ChessBase"]
[SourceDate "2020.10.23"]
[SourceVersion "1"]
[SourceVersionDate "2020.10.23"]
[SourceQuality "1"]

1. e4 e5 2. Nf3 Nc6 3. Bb5 Nge7 4. 0-0 g6 5. c3 Bg7 6. d4 exd4 7. cxd4 a6 8. Ba4 b5 9. Bb3 0-0 10. Nc3 d6 11. h3 h6 12. Re1 Na5 13. Bc2 c5 14. Bf4 Nec6 15. dxc5 dxc5 16. Bd6 Nc4 17. Bxf8 Qxf8 18. Qc1 Be6 19. Bb3 Nd4 20. Nxd4 cxd4 21. Nd5 Rc8 22. Bxc4 bxc4 23. Qd2 d3 24. Nc3 Qb4 25. Kh2 a5 26. f4 a4 27. a3 Qb3 28. g4 Rb8 29. Rab1 Bd7 30. e5 Be6 31. Rf1 Bd7 32. Rfe1 Qc2 33. Qxc2 dxc2 34. Rbc1 Rxb2 35. Re2 Bf8 36. Rexc2 Bxa3 37. Nd5 Bc6 38. Nf6+ Kg7 39. Rxb2 Bxb2 40. Rxc4 a3 41. Rxc6 a2 42. Rc8 a1Q 43. Rg8# 1-0